Agency underlines jobs records of rural incomers (Record no. 72422)

MARC details
000 -LEADER
fixed length control field 01151cam a2200205 4500
001 - CONTROL NUMBER
control field WB3913-18
008 - FIXED-LENGTH DATA ELEMENTS--GENERAL INFORMATION
fixed length control field 030402n2003 000 0 eng u
035 ## - SYSTEM CONTROL NUMBER
System control number (Sirsi) u121867
245 ## - TITLE STATEMENT
Title Agency underlines jobs records of rural incomers
260 ## - PUBLICATION, DISTRIBUTION, ETC.
Date of publication, distribution, etc. 2003
490 ## - SERIES STATEMENT
Series statement Planning (for the Natural and Built Environment)
Volume/sequential designation 28 March 2003, 2
490 ## - SERIES STATEMENT
Series statement Countryside Agency Press Release
Volume/sequential designation 25 March 2003 (4)
520 ## - SUMMARY, ETC.
Summary, etc. A report by the Countryside Agency has revealed the role immigrants from urban areas play in the rural economy and also the shift away from agriculture as the main business. "Rural economies - stepping stones to healthier futures", ref CA 137, is available priced £16, from Countryside Agency Publications, t +44 (0)870 120 6466, f +44 (0)870 120 6467 or via the Countryside Agency website http://www.countryside.gov.uk/publications.asp?PublicationID+614. See also WB3913- . Countryside Agency Press Release http://www.countryside.gov.uk/News/article.asp?NewsItemID=262
590 ## - LOCAL NOTE (RLIN)
Local note WB
650 ## - SUBJECT ADDED ENTRY--TOPICAL TERM
Topical term or geographic name entry element RURAL ECONOMY
650 ## - SUBJECT ADDED ENTRY--TOPICAL TERM
Topical term or geographic name entry element RURAL BUSINESSES
650 ## - SUBJECT ADDED ENTRY--TOPICAL TERM
Topical term or geographic name entry element RURAL COMMUNITIES
690 ## - LOCAL SUBJECT ADDED ENTRY--TOPICAL TERM (OCLC, RLIN)
Topical term or geographic name as entry element Rural
9 (RLIN) 6268
942 ## - ADDED ENTRY ELEMENTS (KOHA)
Suppress in OPAC 0
Holdings
Withdrawn status Lost status Source of classification or shelving scheme Damaged status Not for loan Home library Current library Shelving location Date acquired Total Checkouts Full call number Barcode Date last seen Copy number Price effective from Koha item type
    Dewey Decimal Classification     London London News article 02/04/2003   WB3913-18 121867-1001 06/08/2019 1 06/08/2019 News article